Evolución de la geografía humana

Furkejuvvon:
Bibliográfalaš dieđut
Váldodahkki: Claval, Paul (Dahkki)
Materiálatiipa: Girji
Giella:espánnjágiella
Almmustuhtton: Barcelona Oikos-tau 1981
Preanttus:2a. ed
Fáttát:
Fáddágilkorat: Lasit fáddágilkoriid
Eai fáddágilkorat, Lasit vuosttaš fáddágilkora!

MARC

LEADER 00000nam a2200000 a 4500
001 UCX1416
003 CL-VaPUC
008 900822e19810000SP |||||||||||||||||spa|d
082 0 4 |a 910.03  |b CLA  |2 21 
100 0 |a Claval, Paul  |e author  |9 316908 
245 1 0 |a Evolución de la geografía humana 
250 |a 2a. ed 
300 |a 240 p 
942 |c BK 
945 |d 19900822 00:00:00 
260 |a Barcelona  |b Oikos-tau  |c 1981 
650 0 |a Geografía humana  |9 267193 
583 |a last modification  |c 19900822 00:00:00  |k Rodrigo Vera 
999 |c 222653  |d 222651